Les Corts : guia del districte 1991-1992 guia del districte 1991-1992
Descripción Física:
63 p. : il. ; 22 cm + 1 map. despleg. (56x42 cm)
Materias:
Corts (Barcelona) -- Guies
MARC
| LEADER | 00000nam a2200000Ia 4500 | ||
|---|---|---|---|
| 001 | 15058 | ||
| 008 | 160829s9999 xx 000 0 cat d | ||
| 080 | |a H-2-205 | ||
| 245 | |a Les Corts : |b guia del districte 1991-1992 | ||
| 260 | |a [Barcelona] : |b Ajuntament de Barcelona, Districte de Les Corts, DL 1991 | ||
| 300 | |a 63 p. : |b il. ; |c 22 cm + 1 map. despleg. (56x42 cm) | ||
| 650 | |a Corts (Barcelona) |x Guies |9 21928 | ||
| 710 | 2 | |a Barcelona (Catalunya). |b Districte de Les Corts |9 52915 | |
| 901 | |a Arxiu | ||
| 942 | |n 1 | ||
| 952 | |0 0 |1 0 |4 0 |6 H2205 |7 1 |9 41944 |a Arxiu |b Arxiu |d 2016-12-01 |l 0 |o H-2-205 |p 15058 |r 2016-12-01 00:00:00 |w 2016-12-01 |y ARXIU | ||
| 999 | |c 44391 |d 44391 | ||